|
|
|
|
| LEADER |
01148nam a2200265 a 4500 |
| 001 |
GR-MES156 |
| 008 |
991111s1992 be 000 b eng d |
| 020 |
|
|
|a 9071625109
|
| 040 |
|
|
|a GrPaTEI
|b gre
|c GR-PaULI
|
| 245 |
0 |
0 |
|a Aquaculture and the environment :
|b International Conference Aquaculture Europe '91 Dublin, Ireland, June 10-12,1991.
|
| 260 |
|
|
|a Belgium :
|b European Aquaculture Society : Special publication No.16,
|c 1992
|
| 300 |
|
|
|a vii, 536σελ. :
|b σχημ.,πιν.
|
| 500 |
|
|
|a Περιέχει βιβλιογραφικές αναγραφές
|
| 650 |
|
4 |
|a Βιοτεχνολογία
|
| 650 |
|
4 |
|a Συνέδρια
|
| 650 |
|
4 |
|a Τεχνολογία
|
| 650 |
|
4 |
|a Υδατοκαλλιέργειες
|
| 650 |
|
4 |
|a Ψάρια
|
| 700 |
1 |
|
|a De Pauw, Niels
|
| 700 |
1 |
|
|a Joyce, John
|
| 710 |
0 |
|
|a European Aquaculture Society : Special publication No.16
|
| 942 |
|
|
|2 ddc
|
| 952 |
|
|
|0 0
|1 0
|2 ddc
|4 0
|6 639_800000000000000_PAW
|7 0
|9 263427
|a MSLG
|b MSLG
|c BSC
|d 2021-01-17
|e 24
|f 0
|g 0.00
|l 0
|o 639.8 PAW
|p 2420000003872
|r 2021-01-17 00:00:00
|t 1
|w 2021-01-17
|y BK15
|x 19991111 0 1
|x GrPaTEI
|
| 971 |
|
|
|a .b25711970
|b 15-04-20
|c 13-09-16
|
| 999 |
|
|
|c 151637
|d 151637
|